Building a web- based education system

Salvato in:
Dettagli Bibliografici
Autori principali: McCormack, Colin (autor), Jones, David (Autore)
Natura: Libro
Lingua:inglese
Pubblicazione: Nueva York John Wiley 1998
Soggetti:
Tags: Aggiungi Tag
Nessun Tag, puoi essere il primo ad aggiungerne!!

MARC

LEADER 00000cam a2200000 a 4500
001 UCP5624
003 CL-VaPUC
008 990927e19980000US |||||||||||||||||eng|d
020 |a 0471191620 
082 0 4 |a 004.6  |b MCC  |2 21 
100 |a McCormack, Colin  |e autor  |9 434105 
700 0 |a Jones, David  |e author  |9 434106 
245 1 0 |a Building a web- based education system 
300 |a 446 p 
942 |c BK 
945 |d 19990927 00:00:00  |a rbrito 
260 |a Nueva York  |b John Wiley  |c 1998 
500 |a Incluye CD 
650 0 |a Internet   |9 254823 
650 0 |a World Wide Web  |9 434107 
650 7 |a HTML  |2 CL-VaPUC  |9 434108 
650 7 |a LENGUAJE DE COMPUTADORES  |2 CL-VaPUC  |9 417483 
650 0 |a Redes de computadores  |9 263293 
650 7 |a COMUNICACIONES EN REDES  |2 CL-VaPUC  |9 434109 
583 |a last modification  |c 20171031 11:00:20  |k Rodrigo Vera 
999 |c 283325  |d 283323